Normal view MARC view
  • Dumas, Alexandre,

Entry Personal Name

Number of records used in: 2

001 - CONTROL NUMBER

  • control field: 11127

003 - CONTROL NUMBER IDENTIFIER

  • control field: NUST

005 - DATE AND TIME OF LATEST TRANSACTION

  • control field: 20180612031317.0

008 - FIXED-LENGTH DATA ELEMENTS

  • fixed length control field: 180612|| aca||aabn | a|a d

040 ## - CATALOGING SOURCE

  • Original cataloging agency: NUST
  • Transcribing agency: NUST

100 ## - HEADING--PERSONAL NAME

  • Personal name: Dumas, Alexandre,
  • Dates associated with a name: 1802-1870.

670 ## - SOURCE DATA FOUND

  • Source citation: Work cat.: (NUST)174634: Dumas, Alexandre, 1802-1870., Twenty years after /, 2009.
© 2023 Central Library, National University of Sciences and Technology. All Rights Reserved.